El libro de la prensa / (Record no. 189324)
[ view plain ]
| 000 -LEADER | |
|---|---|
| campo de control de longitud fija | 00807nam a2200205 i 4500 |
| 001 - NÚMERO DE CONTROL | |
| campo de control | 189324 |
| 003 - IDENTIFICADOR DE NÚMERO DE CONTROL | |
| campo de control | SpMaBN |
| 005 - FECHA Y HORA DE LA ÚLTIMA TRANSACCIÓN | |
| campo de control | 20240419160617.0 |
| 008 - DATOS DE LONGITUD FIJA--INFORMACIÓN GENERAL | |
| campo de control de longitud fija | 190523s1911 sp |||| | spa d |
| 245 03 - MENCIÓN DEL TÍTULO | |
| Título | El libro de la prensa / |
| Mención de responsabilidad, etc. | prólogo de Miguel Moya. |
| 246 3# - FORMA VARIANTE DEL TITULO | |
| Título propio/Titulo breve | Homenaje a la prensa española |
| 260 ## - PUBLICACIÓN, DISTRIBUCIÓN, ETC. | |
| Lugar de publicación, distribución, etc. | Madrid : |
| Nombre del editor, distribuidor, etc. | Biblioteca Renacimiento, |
| Fecha de publicación, distribución, etc. | 1911 ( |
| Fabricante | Imp. Artística Española) |
| 300 ## - DESCRIPCIÓN FÍSICA | |
| Extensión | XV, 231 p. ; |
| Dimensiones | 19 cm. |
| 594 ## - Nota al título y mención de responsabilidad | |
| Nota al título y mención de responsabilidad | Recoge artículos, crónicas, cuentos, etc. recopilados por Gregorio Martínez Sierra y Ricardo J. Catarineu. |
| 700 1# - ENTRADA AGREGADA--NOMBRE PERSONAL | |
| Nombre de persona | Moya, Miguel, |
| Fechas asociadas al nombre | 1856-1920 |
| 9 (RLIN) | 158750 |
| 700 1# - ENTRADA AGREGADA--NOMBRE PERSONAL | |
| Nombre de persona | Martínez Sierra, Gregorio, |
| Fechas asociadas al nombre | 1881-1947 |
| 9 (RLIN) | 78429 |
| 700 1# - ENTRADA AGREGADA--NOMBRE PERSONAL | |
| Nombre de persona | Catarineu, Ricardo J. |
| 9 (RLIN) | 37049 |
| 852 ## - LOCALIZACIÓN | |
| Ubicación | ES-MaACL |
| Número de control de estantería | L-32330 |
| Nota libre | - Donat. Amadeo Aláez Rojo |
| Estatus retirado | Estado de pérdida | Estado de daño | No para préstamo | Biblioteca de origen | Biblioteca actual | Ubicación en estantería | Fecha de adquisición | Fuente de adquisición | Total de préstamos | Signatura topográfica completa | Código de barras | Visto por última vez | Precio de reemplazo | Tipo de ítem Koha |
|---|---|---|---|---|---|---|---|---|---|---|---|---|---|---|
| Biblioteca del Ateneo de Madrid | Biblioteca del Ateneo de Madrid | Depósito 2 | 23/05/2019 | L-32330 | 1200590 | 23/02/2023 | 23/02/2023 | Libro impreso |
